[Event "DVM U20w 2020"]
[Site "Willingen GER"]
[Date "2021.06.24"]
[Round "2"]
[White "Dietz, Kristin"]
[Black "Brunner, Sophia"]
[Result "1/2-1/2"]
[Termination "normal"]
[Board "3.1"]
[WhiteElo "1911"]
[BlackElo "1892"]
[WhiteClock "00:10:51"]
[BlackClock "00:01:03"]
[WhiteTeam "USV Halle"]
[BlackTeam "SK Nordhorn-Blanke"]
[PlyCount "75"]
[WhiteFideId "12993743"]
[BlackFideId "12960683"]
[EventCountry "GER"]
[EventRounds "7"]
[EventType "team-swiss"]
[EventDate "2021.06.23"]

1. e4 {[%clk 01:30:58]} 1... c6 {[%clk 01:30:48]  [%emt 00:00:12]} 2. d4 {
[%clk 01:31:19]  [%emt 00:00:09]} 2... d5 {[%clk 01:31:12]  [%emt 00:00:06]} 3.
Nd2 {[%clk 01:31:44]  [%emt 00:00:05]} 3... dxe4 { [%clk 01:31:23]  [%emt
00:00:19]} 4. Nxe4 {[%clk 01:32:08]  [%emt 00:00:05]} 4... Nf6 {[%clk 01:31:45]
 [%emt 00:00:08]} 5. Nxf6+ { [%clk 01:30:50]  [%emt 00:01:48]} 5... exf6 {[%clk
01:32:09]  [%emt 00:00:06]} 6. Nf3 {[%clk 01:30:43]  [%emt 00:00:37]} 6... Bd6
{ [%clk 01:27:28]  [%emt 00:05:12]} 7. Be3 {[%clk 01:28:54]  [%emt 00:02:19]}
7... O-O {[%clk 01:26:12]  [%emt 00:01:45]} 8. Bd3 { [%clk 01:25:14]  [%emt
00:04:10]} 8... Re8 {[%clk 01:22:47]  [%emt 00:03:55]} 9. O-O {[%clk 01:24:21] 
[%emt 00:01:23]} 9... Nd7 { [%clk 01:20:19]  [%emt 00:02:58]} 10. c4 {[%clk
01:23:31]  [%emt 00:01:20]} 10... Nf8 {[%clk 01:19:55]  [%emt 00:00:54]} 11. h3
{ [%clk 01:20:35]  [%emt 00:03:26]} 11... Be6 {[%clk 01:11:14]  [%emt
00:09:11]} 12. Rb1 {[%clk 01:16:25]  [%emt 00:04:39]} 12... Qd7 { [%clk
01:08:25]  [%emt 00:03:20]} 13. b4 {[%clk 01:13:55]  [%emt 00:03:00]} 13... g5
{[%clk 01:05:44]  [%emt 00:03:12]} 14. Re1 { [%clk 01:09:18]  [%emt 00:05:07]}
14... Ng6 {[%clk 00:59:17]  [%emt 00:06:57]} 15. b5 {[%clk 00:57:59]  [%emt
00:11:49]} 15... Nf4 { [%clk 00:40:15]  [%emt 00:19:32]} 16. Bxf4 {[%clk
00:54:21]  [%emt 00:04:08]} 16... Bxf4 {[%clk 00:40:09]  [%emt 00:00:35]} 17.
bxc6 { [%clk 00:44:12]  [%emt 00:10:40]} 17... bxc6 {[%clk 00:40:22]  [%emt
00:00:16]} 18. Qc2 {[%clk 00:40:45]  [%emt 00:03:57]} 18... h5 { [%clk
00:20:21]  [%emt 00:20:31]} 19. Be4 {[%emt 00:28:56]} 19... Rac8 { [%clk
00:10:34]} 20. Qd3 {[%clk 00:19:29]  [%emt 00:03:33]} 20... f5 { [%clk
00:08:35]  [%emt 00:02:33]} 21. Bxc6 {[%clk 00:18:14]  [%emt 00:01:45]} 21...
Qxc6 {[%clk 00:07:07]  [%emt 00:01:58]} 22. d5 { [%clk 00:18:26]  [%emt
00:00:18]} 22... Qd6 {[%clk 00:04:20]  [%emt 00:03:16]} 23. g3 {[%clk 00:17:59]
 [%emt 00:00:58]} 23... Bxg3 { [%clk 00:04:10]  [%emt 00:00:40]} 24. fxg3
{[%clk 00:18:24]  [%emt 00:00:05]} 24... Qxg3+ {[%clk 00:04:26]  [%emt
00:00:14]} 25. Kf1 { [%clk 00:18:46]  [%emt 00:00:04]} 25... g4 {[%clk
00:00:40]  [%emt 00:04:21]} 26. dxe6 {[%clk 00:16:49]  [%emt 00:02:26]} 26...
Qxh3+ { [%clk 00:00:36]  [%emt 00:00:34]} 27. Kf2 {[%clk 00:12:33]  [%emt
00:04:45]} 27... Qxf3+ {[%clk 00:00:51]  [%emt 00:00:16]} 28. Qxf3 { [%clk
00:12:52]  [%emt 00:00:11]} 28... gxf3 {[%clk 00:01:21]} 29. exf7+ { [%clk
00:10:29]  [%emt 00:02:52]} 29... Kxf7 {[%clk 00:01:46]  [%emt 00:00:05]} 30.
Rb7+ {[%clk 00:10:38]  [%emt 00:00:21]} 30... Kf6 { [%clk 00:01:37]  [%emt
00:00:39]} 31. Rxe8 {[%clk 00:10:02]  [%emt 00:01:06]} 31... Rxe8 {[%clk
00:02:06]} 32. Rxa7 {[%clk 00:10:23]  [%emt 00:00:09]} 32... Rc8 {[%clk
00:02:09]  [%emt 00:00:27]} 33. Ra4 { [%clk 00:10:10]  [%emt 00:00:42]} 33...
Ke5 {[%clk 00:02:06]  [%emt 00:00:34]} 34. Kxf3 {[%clk 00:10:22]  [%emt
00:00:18]} 34... Kd4 { [%clk 00:02:09]  [%emt 00:00:26]} 35. Kf4 {[%clk
00:10:37]  [%emt 00:00:16]} 35... Rc5 {[%clk 00:01:23]  [%emt 00:01:16]} 36.
Kg5 { [%clk 00:10:13]  [%emt 00:00:52]} 36... Rxc4 {[%clk 00:00:37]  [%emt
00:01:18]} 37. Rxc4+ {[%clk 00:10:29]  [%emt 00:00:13]} 37... Kxc4 { [%clk
00:01:03]  [%emt 00:00:04]} 38. Kxf5 {[%clk 00:10:51]  [%emt 00:00:09]} 1/2-1/2

[Event "DVM U20w 2020"]
[Site "Willingen GER"]
[Date "2021.06.24"]
[Round "2"]
[White "Rudolph, Eva"]
[Black "Pohle, Saskia"]
[Result "1/2-1/2"]
[Termination "normal"]
[Board "3.2"]
[WhiteElo "1860"]
[BlackElo "1815"]
[WhiteClock "00:08:58"]
[BlackClock "01:09:37"]
[WhiteTeam "SK Nordhorn-Blanke"]
[BlackTeam "USV Halle"]
[PlyCount "102"]
[WhiteFideId "16200594"]
[BlackFideId "16201604"]
[EventCountry "GER"]
[EventRounds "7"]
[EventType "team-swiss"]
[EventDate "2021.06.23"]

1. e4 {[%emt 00:00:03]} 1... e5 {[%clk 01:30:57]  [%emt 00:00:03]} 2. Nf3 {
[%clk 01:31:21]  [%emt 00:00:06]} 2... Nc6 {[%clk 01:31:21]  [%emt 00:00:06]}
3. d4 {[%clk 01:31:43]  [%emt 00:00:07]} 3... exd4 { [%clk 01:31:46]  [%emt
00:00:05]} 4. Nxd4 {[%clk 01:32:06]  [%emt 00:00:07]} 4... Nf6 {[%clk 01:32:10]
 [%emt 00:00:07]} 5. Nc3 { [%clk 01:32:19]  [%emt 00:00:17]} 5... Nxe4 {[%clk
01:32:29]  [%emt 00:00:11]} 6. Nxe4 {[%clk 01:26:57]  [%emt 00:05:51]} 6... Qe7
{ [%clk 01:32:53]  [%emt 00:00:06]} 7. f3 {[%clk 01:24:24]  [%emt 00:03:03]}
7... d5 {[%clk 01:33:17]  [%emt 00:00:06]} 8. Bb5 {[%clk 01:21:43]  [%emt
00:03:12]} 8... Bd7 {[%clk 01:33:40]  [%emt 00:00:06]} 9. Bxc6 { [%clk
01:06:32]  [%emt 00:15:42]} 9... bxc6 {[%clk 01:34:03]  [%emt 00:00:06]} 10.
O-O {[%clk 01:05:53]  [%emt 00:01:09]} 10... dxe4 { [%clk 01:34:25]  [%emt
00:00:09]} 11. Re1 {[%clk 01:05:41]  [%emt 00:00:41]} 11... O-O-O {[%clk
01:34:40]  [%emt 00:00:15]} 12. Rxe4 { [%clk 01:03:19]  [%emt 00:02:52]} 12...
Qb4 {[%clk 01:35:00]  [%emt 00:00:10]} 13. Nb3 {[%clk 01:01:52]  [%emt
00:01:58]} 13... Qb7 { [%clk 01:35:24]  [%emt 00:00:05]} 14. Re1 {[%clk
00:53:45]  [%emt 00:08:37]} 14... Bf5 {[%clk 01:35:13]  [%emt 00:00:41]} 15.
Qe2 { [%clk 00:53:28]  [%emt 00:00:47]} 15... Bd6 {[%clk 01:34:09]  [%emt
00:01:35]} 16. Be3 {[%clk 00:52:21]  [%emt 00:01:36]} 16... Rde8 { [%clk
01:31:23]  [%emt 00:03:17]} 17. Qf2 {[%clk 00:48:30]  [%emt 00:04:19]} 17...
Kb8 {[%clk 01:31:03]  [%emt 00:00:51]} 18. c3 { [%clk 00:44:24]  [%emt
00:04:36]} 18... f6 {[%clk 01:28:16]  [%emt 00:03:17]} 19. Bc5 {[%clk 00:40:39]
 [%emt 00:04:15]} 19... Be6 { [%clk 01:19:30]  [%emt 00:09:16]} 20. Qd4 {[%clk
00:27:27]  [%emt 00:13:42]} 20... Bxb3 {[%clk 01:14:12]  [%emt 00:05:48]} 21.
Bxd6 { [%clk 00:20:37]  [%emt 00:07:20]} 21... Bf7 {[%clk 01:12:09]  [%emt
00:02:34]} 22. Bc5 {[%clk 00:19:24]  [%emt 00:01:43]} 22... Rd8 { [%clk
01:10:32]  [%emt 00:02:07]} 23. Qf2 {[%clk 00:18:51]  [%emt 00:01:03]} 23...
Rd7 {[%clk 01:10:16]  [%emt 00:00:45]} 24. Red1 { [%clk 00:18:04]  [%emt
00:01:16]} 24... Rhd8 {[%clk 01:10:05]  [%emt 00:00:41]} 25. Rxd7 {[%clk
00:18:11]  [%emt 00:00:24]} 25... Rxd7 { [%clk 01:10:28]  [%emt 00:00:07]} 26.
a4 {[%clk 00:17:38]  [%emt 00:01:03]} 26... Bb3 {[%clk 01:08:30]  [%emt
00:02:28]} 27. a5 { [%clk 00:17:04]  [%emt 00:01:05]} 27... a6 {[%clk 01:08:43]
 [%emt 00:00:16]} 28. Qe2 {[%clk 00:16:11]  [%emt 00:01:23]} 28... Rd5 { [%clk
01:05:00]  [%emt 00:04:13]} 29. Qe8+ {[%clk 00:14:01]  [%emt 00:02:40]} 29...
Qc8 {[%clk 01:05:24]  [%emt 00:00:07]} 30. Qxc6 { [%clk 00:13:32]  [%emt
00:00:58]} 30... Rd2 {[%clk 01:05:31]  [%emt 00:00:22]} 31. Bd4 {[%clk
00:11:23]  [%emt 00:02:39]} 31... Qe6 { [%clk 00:59:02]  [%emt 00:07:00]} 32.
Qxe6 {[%clk 00:08:49]  [%emt 00:03:04]} 32... Bxe6 {[%clk 00:59:25]  [%emt
00:00:07]} 33. b4 { [%clk 00:08:46]  [%emt 00:00:33]} 33... Re2 {[%clk
00:58:57]  [%emt 00:00:58]} 34. Rd1 {[%clk 00:07:36]  [%emt 00:01:40]} 34...
Bb3 { [%clk 00:57:57]  [%emt 00:01:31]} 35. Rb1 {[%clk 00:06:35]  [%emt
00:01:27]} 35... Ba2 {[%clk 00:54:12]  [%emt 00:04:18]} 36. Rc1 { [%clk
00:05:36]  [%emt 00:01:29]} 36... Bc4 {[%clk 00:54:37]  [%emt 00:00:06]} 37.
Bc5 {[%clk 00:05:04]  [%emt 00:01:01]} 37... Kc8 { [%clk 00:53:31]  [%emt
00:01:35]} 38. Rd1 {[%clk 00:03:54]  [%emt 00:01:40]} 38... Rc2 {[%clk
00:53:20]  [%emt 00:00:41]} 39. Bd4 { [%clk 00:02:57]  [%emt 00:01:27]} 39...
Re2 {[%clk 00:52:32]  [%emt 00:01:19]} 40. Bc5 {[%clk 00:01:50]  [%emt
00:01:36]} 40... Rc2 { [%clk 00:52:56]  [%emt 00:00:07]} 41. Re1 {[%clk
00:29:24]  [%emt 00:02:56]} 41... Re2 {[%clk 01:21:54]  [%emt 00:01:33]} 42.
Ra1 { [%clk 00:20:21]  [%emt 00:09:32]} 42... Rc2 {[%clk 01:19:18]  [%emt
00:03:06]} 43. Bf8 {[%clk 00:19:23]  [%emt 00:01:27]} 43... g6 { [%clk
01:18:40]  [%emt 00:01:09]} 44. Bg7 {[%clk 00:17:08]  [%emt 00:02:46]} 44...
Rxc3 {[%clk 01:17:24]  [%emt 00:01:45]} 45. Bxf6 { [%clk 00:16:49]  [%emt
00:00:49]} 45... Rb3 {[%clk 01:17:46]  [%emt 00:00:08]} 46. Be7 {[%clk
00:17:00]  [%emt 00:00:20]} 46... Kd7 { [%clk 01:17:28]  [%emt 00:00:48]} 47.
Bf8 {[%clk 00:14:59]  [%emt 00:02:30]} 47... Kc6 {[%clk 01:14:13]  [%emt
00:03:45]} 48. Re1 { [%clk 00:10:43]  [%emt 00:04:46]} 48... h5 {[%clk
01:13:37]  [%emt 00:01:06]} 49. h4 {[%clk 00:10:13]  [%emt 00:01:00]} 49... Kb5
{ [%clk 01:12:13]  [%emt 00:01:54]} 50. Re5+ {[%clk 00:09:51]  [%emt 00:00:51]}
50... Ka4 {[%clk 01:11:44]  [%emt 00:01:00]} 51. Bc5 { [%clk 00:08:58]  [%emt
00:01:23]} 51... c6 {[%clk 01:09:37]  [%emt 00:02:36]} 1/2-1/2

[Event "DVM U20w 2020"]
[Site "Willingen GER"]
[Date "2021.06.24"]
[Round "2"]
[White "Voigt, Anastasia"]
[Black "Wilmink, Anna"]
[Result "1-0"]
[Termination "normal"]
[Board "3.3"]
[WhiteElo "1738"]
[BlackElo "1552"]
[WhiteClock "00:44:05"]
[BlackClock "00:20:46"]
[WhiteTeam "USV Halle"]
[BlackTeam "SK Nordhorn-Blanke"]
[PlyCount "107"]
[WhiteFideId "16235223"]
[BlackFideId "16273680"]
[EventCountry "GER"]
[EventRounds "7"]
[EventType "team-swiss"]
[EventDate "2021.06.23"]

1. e4 {[%clk 01:30:57]  [%emt 00:00:03]} 1... c5 { [%clk 01:30:53]  [%emt
00:00:07]} 2. Nf3 {[%clk 01:31:23]  [%emt 00:00:04]} 2... Nc6 {[%clk 01:31:10] 
[%emt 00:00:14]} 3. d4 { [%clk 01:31:46]  [%emt 00:00:07]} 3... cxd4 {[%clk
01:31:33]  [%emt 00:00:05]} 4. Nxd4 {[%clk 01:32:11]  [%emt 00:00:06]} 4... e5
{ [%clk 01:31:43]  [%emt 00:00:21]} 5. Nb5 {[%clk 01:31:32]  [%emt 00:01:08]}
5... a6 {[%clk 01:31:49]  [%emt 00:00:24]} 6. Nd6+ { [%clk 01:31:09]  [%emt
00:00:53]} 6... Bxd6 {[%clk 01:31:58]  [%emt 00:00:21]} 7. Qxd6 {[%clk
01:31:18]  [%emt 00:00:21]} 7... Qf6 { [%clk 01:32:07]  [%emt 00:00:21]} 8.
Qxf6 {[%clk 01:28:33]  [%emt 00:03:15]} 8... Nxf6 {[%clk 01:32:22]  [%emt
00:00:15]} 9. f3 { [%clk 01:28:17]  [%emt 00:00:46]} 9... d5 {[%clk 01:31:22] 
[%emt 00:01:30]} 10. exd5 {[%clk 01:26:40]  [%emt 00:02:07]} 10... Nxd5 { [%clk
01:31:21]  [%emt 00:00:30]} 11. Bc4 {[%clk 01:24:31]  [%emt 00:02:40]} 11...
Ndb4 {[%clk 01:26:33]  [%emt 00:05:18]} 12. Na3 { [%clk 01:23:47]  [%emt
00:01:14]} 12... Bf5 {[%clk 01:24:23]  [%emt 00:02:39]} 13. c3 {[%clk 01:22:50]
 [%emt 00:01:27]} 13... Nd3+ { [%clk 01:22:42]  [%emt 00:02:11]} 14. Bxd3
{[%clk 01:21:38]  [%emt 00:01:43]} 14... Bxd3 {[%clk 01:22:46]  [%emt
00:00:26]} 15. Be3 { [%clk 01:21:25]  [%emt 00:00:42]} 15... b5 {[%clk
01:19:04]  [%emt 00:04:12]} 16. O-O-O {[%clk 01:20:49]  [%emt 00:01:06]} 16...
Rd8 { [%clk 01:17:23]  [%emt 00:02:12]} 17. Nc2 {[%clk 01:20:15]  [%emt
00:01:03]} 17... O-O {[%clk 01:15:54]  [%emt 00:01:59]} 18. Bb6 { [%clk
01:19:36]  [%emt 00:01:09]} 18... Rd7 {[%clk 01:10:09]  [%emt 00:06:15]} 19.
Ne1 {[%clk 01:17:30]  [%emt 00:02:35]} 19... Bf5 { [%clk 01:09:15]  [%emt
00:01:25]} 20. Rxd7 {[%clk 01:17:32]  [%emt 00:00:28]} 20... Bxd7 {[%clk
01:09:16]  [%emt 00:00:29]} 21. Nd3 { [%clk 01:14:42]  [%emt 00:03:20]} 21...
f5 {[%clk 00:59:32]  [%emt 00:10:15]} 22. Re1 {[%clk 01:13:54]  [%emt
00:01:16]} 22... Re8 { [%clk 00:56:53]  [%emt 00:03:11]} 23. Bc7 {[%clk
01:12:45]  [%emt 00:01:38]} 23... e4 {[%clk 00:54:56]  [%emt 00:02:27]} 24.
fxe4 { [%clk 01:11:56]  [%emt 00:01:20]} 24... fxe4 {[%clk 00:53:06]  [%emt
00:02:20]} 25. Nc5 {[%clk 01:11:42]  [%emt 00:00:43]} 25... Bf5 { [%clk
00:45:31]  [%emt 00:08:05]} 26. b4 {[%clk 01:04:23]  [%emt 00:07:49]} 26... Ne7
{[%clk 00:35:17]  [%emt 00:10:45]} 27. Bg3 { [%clk 01:02:28]  [%emt 00:02:23]}
27... Nd5 {[%clk 00:31:46]  [%emt 00:04:02]} 28. Kb2 {[%clk 01:01:46]  [%emt
00:01:12]} 28... Nb6 { [%clk 00:27:58]  [%emt 00:04:18]} 29. Nxa6 {[%clk
01:00:03]  [%emt 00:02:13]} 29... Nc4+ {[%clk 00:24:25]  [%emt 00:04:03]} 30.
Ka1 { [%clk 00:58:51]  [%emt 00:01:40]} 30... Rd8 {[%clk 00:21:56]  [%emt
00:03:02]} 31. Nc7 {[%clk 00:56:18]  [%emt 00:03:02]} 31... Rd3 { [%clk
00:14:56]  [%emt 00:07:31]} 32. Nxb5 {[%clk 00:52:11]  [%emt 00:04:37]} 32...
e3 {[%clk 00:13:47]  [%emt 00:01:40]} 33. a4 { [%clk 00:38:20]  [%emt
00:14:20]} 33... g5 {[%clk 00:09:05]  [%emt 00:05:13]} 34. Nd4 {[%clk 00:31:14]
 [%emt 00:07:34]} 34... Be4 { [%clk 00:07:36]  [%emt 00:01:59]} 35. Rc1 {[%clk
00:29:06]  [%emt 00:02:28]} 35... Rd2 {[%clk 00:05:47]  [%emt 00:02:30]} 36. a5
{ [%clk 00:27:47]  [%emt 00:01:49]} 36... e2 {[%clk 00:05:32]  [%emt 00:00:44]}
37. Be1 {[%clk 00:26:07]  [%emt 00:02:09]} 37... Rd1 { [%clk 00:04:55]  [%emt
00:01:09]} 38. Nxe2 {[%clk 00:25:52]  [%emt 00:00:44]} 38... Rd8 {[%clk
00:02:37]  [%emt 00:02:48]} 39. g3 { [%clk 00:24:31]  [%emt 00:01:52]} 39...
Kf7 {[%clk 00:02:21]  [%emt 00:00:46]} 40. Nd4 {[%clk 00:23:23]  [%emt
00:01:38]} 40... Ke7 { [%clk 00:01:50]  [%emt 00:01:02]} 41. Bf2 {[%clk
00:22:30]  [%emt 00:01:17]} 41... Kd7 {[%clk 00:01:16]  [%emt 00:01:08]} 42.
Re1 { [%clk 00:22:12]  [%emt 00:00:47]} 42... Bd5 {[%clk 00:00:53]  [%emt
00:00:54]} 43. Nf5 {[%clk 00:21:14]  [%emt 00:01:25]} 43... Kc7 { [%clk
00:27:47]  [%emt 00:03:39]} 44. Ne3 {[%clk 00:49:26]  [%emt 00:02:17]} 44...
Kb7 {[%clk 00:25:25]  [%emt 00:02:53]} 45. Nxc4 { [%clk 00:46:19]  [%emt
00:03:37]} 45... Bxc4 {[%clk 00:25:39]  [%emt 00:00:16]} 46. Re7+ {[%clk
00:46:21]  [%emt 00:00:27]} 46... Ka6 { [%clk 00:25:32]  [%emt 00:00:38]} 47.
Bd4 {[%clk 00:46:01]  [%emt 00:00:50]} 47... Rf8 {[%clk 00:24:31]  [%emt
00:01:31]} 48. Rxh7 { [%clk 00:45:04]  [%emt 00:01:27]} 48... Rf3 {[%clk
00:22:59]  [%emt 00:02:03]} 49. Rg7 {[%clk 00:44:11]  [%emt 00:01:22]} 49...
Kb5 { [%clk 00:22:33]  [%emt 00:00:57]} 50. Rxg5+ {[%clk 00:43:53]  [%emt
00:00:48]} 50... Ka4 {[%clk 00:22:17]  [%emt 00:00:45]} 51. Kb2 { [%clk
00:43:45]  [%emt 00:00:37]} 51... Rd3 {[%clk 00:22:07]  [%emt 00:00:40]} 52.
Kc2 {[%clk 00:43:38]  [%emt 00:00:38]} 52... Ka3 { [%clk 00:21:14]  [%emt
00:01:23]} 53. a6 {[%clk 00:43:45]  [%emt 00:00:23]} 53... Rf3 {[%clk 00:20:46]
 [%emt 00:00:59]} 54. Ra5# { [%clk 00:44:05]  [%emt 00:00:09]} 1-0

[Event "DVM U20w 2020"]
[Site "Willingen GER"]
[Date "2021.06.24"]
[Round "2"]
[White "Wolterink, Jule"]
[Black "Stowicek, Yara Mathilda"]
[Result "0-1"]
[Termination "normal"]
[Board "3.4"]
[WhiteElo "1441"]
[BlackElo "1736"]
[WhiteClock "00:03:54"]
[BlackClock "00:28:10"]
[WhiteTeam "SK Nordhorn-Blanke"]
[BlackTeam "USV Halle"]
[PlyCount "84"]
[WhiteFideId "12981206"]
[BlackFideId "16203569"]
[EventCountry "GER"]
[EventRounds "7"]
[EventType "team-swiss"]
[EventDate "2021.06.23"]

1. d4 {[%clk 01:30:56]  [%emt 00:00:04]} 1... Nf6 { [%clk 01:30:50]  [%emt
00:00:10]} 2. Bf4 {[%clk 01:30:53]  [%emt 00:00:34]} 2... e6 {[%clk 01:31:04] 
[%emt 00:00:15]} 3. e3 { [%clk 01:30:59]  [%emt 00:00:24]} 3... c5 {[%clk
01:31:18]  [%emt 00:00:16]} 4. c3 {[%clk 01:30:37]  [%emt 00:00:53]} 4... Nc6 {
[%clk 01:31:35]  [%emt 00:00:13]} 5. Nf3 {[%clk 01:29:58]  [%emt 00:01:08]}
5... d5 {[%clk 01:31:16]  [%emt 00:00:49]} 6. Nbd2 { [%clk 01:29:30]  [%emt
00:00:58]} 6... Bd6 {[%clk 01:31:23]  [%emt 00:00:23]} 7. Bd3 {[%clk 01:27:22] 
[%emt 00:02:38]} 7... O-O { [%clk 01:31:04]  [%emt 00:00:49]} 8. O-O {[%clk
01:27:37]  [%emt 00:00:15]} 8... Qe7 {[%clk 01:30:14]  [%emt 00:01:20]} 9. Re1
{ [%clk 01:22:27]  [%emt 00:05:40]} 9... e5 {[%clk 01:28:01]  [%emt 00:02:44]}
10. dxe5 {[%clk 01:22:44]  [%emt 00:00:13]} 10... Nxe5 { [%clk 01:28:07]  [%emt
00:00:24]} 11. Nxe5 {[%clk 01:21:29]  [%emt 00:01:45]} 11... Bxe5 {[%clk
01:27:34]  [%emt 00:01:03]} 12. Bxe5 { [%clk 01:18:51]  [%emt 00:03:08]} 12...
Qxe5 {[%clk 01:27:53]  [%emt 00:00:10]} 13. Nf3 {[%clk 01:19:15]  [%emt
00:00:06]} 13... Qc7 { [%clk 01:27:29]  [%emt 00:00:54]} 14. Qc2 {[%clk
01:17:32]  [%emt 00:02:13]} 14... Re8 {[%clk 01:21:51]  [%emt 00:06:08]} 15.
Rad1 { [%clk 01:15:20]  [%emt 00:02:43]} 15... Bg4 {[%clk 01:14:21]  [%emt
00:07:59]} 16. Be2 {[%clk 01:13:33]  [%emt 00:02:17]} 16... Rad8 { [%clk
01:12:36]  [%emt 00:02:16]} 17. c4 {[%clk 01:10:03]  [%emt 00:04:00]} 17... b6
{[%clk 01:00:51]  [%emt 00:12:14]} 18. h3 { [%clk 01:02:48]  [%emt 00:07:44]}
18... Bh5 {[%clk 01:00:03]  [%emt 00:01:18]} 19. cxd5 {[%clk 00:56:23]  [%emt
00:06:56]} 19... Nxd5 { [%clk 00:59:50]  [%emt 00:00:43]} 20. Rd2 {[%clk
00:49:42]  [%emt 00:07:11]} 20... Bg6 {[%clk 00:57:45]  [%emt 00:02:34]} 21.
Qc4 { [%clk 00:46:31]  [%emt 00:03:42]} 21... Re4 {[%clk 00:51:18]  [%emt
00:06:56]} 22. Qb3 {[%clk 00:42:14]  [%emt 00:04:46]} 22... Nb4 { [%clk
00:46:32]  [%emt 00:05:17]} 23. Rxd8+ {[%clk 00:33:01]  [%emt 00:09:44]} 23...
Qxd8 {[%clk 00:44:41]  [%emt 00:02:21]} 24. Rd1 { [%clk 00:33:25]  [%emt
00:00:05]} 24... Qc7 {[%clk 00:42:51]  [%emt 00:02:20]} 25. a3 {[%clk 00:32:01]
 [%emt 00:01:56]} 25... Nc6 { [%clk 00:42:35]  [%emt 00:00:46]} 26. Bd3 {[%clk
00:30:37]  [%emt 00:01:53]} 26... c4 {[%clk 00:39:21]  [%emt 00:03:44]} 27.
Bxc4 { [%clk 00:25:00]  [%emt 00:06:07]} 27... Na5 {[%clk 00:39:08]  [%emt
00:00:43]} 28. Bxf7+ {[%clk 00:25:20]  [%emt 00:00:10]} 28... Bxf7 { [%clk
00:38:25]  [%emt 00:01:12]} 29. Qd3 {[%clk 00:25:38]  [%emt 00:00:13]} 29...
Re8 {[%clk 00:35:45]  [%emt 00:03:10]} 30. Ng5 { [%clk 00:18:36]  [%emt
00:07:32]} 30... Bg6 {[%clk 00:33:28]  [%emt 00:02:47]} 31. Qd5+ {[%clk
00:17:55]  [%emt 00:01:10]} 31... Kh8 { [%clk 00:32:39]  [%emt 00:01:20]} 32.
e4 {[%clk 00:10:09]  [%emt 00:08:16]} 32... h6 {[%clk 00:32:11]  [%emt
00:00:58]} 33. Ne6 { [%clk 00:10:36]  [%emt 00:00:03]} 33... Qe7 {[%clk
00:32:02]  [%emt 00:00:38]} 34. Nf4 {[%clk 00:07:22]  [%emt 00:03:45]} 34...
Bxe4 { [%clk 00:30:46]  [%emt 00:01:47]} 35. Re1 {[%clk 00:05:49]  [%emt
00:02:03]} 35... Bxd5 {[%clk 00:29:05]  [%emt 00:02:09]} 36. Ng6+ { [%clk
00:06:15]  [%emt 00:00:05]} 36... Kh7 {[%clk 00:29:19]  [%emt 00:00:15]} 37.
Rxe7 {[%clk 00:06:33]  [%emt 00:00:13]} 37... Rxe7 { [%clk 00:29:13]  [%emt
00:00:36]} 38. Nxe7 {[%clk 00:07:01]  [%emt 00:00:02]} 38... Be6 {[%clk
00:29:24]  [%emt 00:00:18]} 39. b4 { [%clk 00:06:28]  [%emt 00:01:05]} 39...
Nc4 {[%clk 00:29:11]  [%emt 00:00:42]} 40. Nc6 {[%clk 00:04:31]  [%emt
00:02:28]} 40... Nxa3 { [%clk 00:28:50]  [%emt 00:00:51]} 41. Kf1 {[%clk
00:04:33]  [%emt 00:00:27]} 41... Nc2 {[%clk 00:28:21]  [%emt 00:00:58]} 42.
Ke2 { [%clk 00:03:54]  [%emt 00:01:10]} 42... Bd5 {[%clk 00:28:10]  [%emt
00:00:40]} 0-1